[Event "Festival Szmetan-Giardelli 2018"]
[Site "Buenos Aires"]
[Date "2018.12.05"]
[Round "1"]
[White "Granda Zuniga, Julio E"]
[Black "Mareco, Sandro"]
[Result "1/2-1/2"]
[WhiteElo "2650"]
[BlackElo "2656"]
[Annotator "TA"]
[PlyCount "44"]
[EventDate "2018.12.04"]
[EventType "tourn"]
[EventCountry "ARG"]
[SourceTitle "playchess.com"]
[Source "ChessBase"]
[SourceQuality "1"]

{[%evp 17,44,18,20,0,24,12,21,8,21,16,12,0,0,0,11,15,15,8,14,14,12,13,28,14,14,15,16,22,16]} 1. c4 e5 2. g3 Nf6 3. Bg2 Bc5 4. Nc3 O-O 5. e3 d6 6. Nge2 a6 {A22: English Opening: 1...e5 2 Nc3 Nf6} 7. O-O (7. b3 Re8 8. Bb2 Nc6 9. d3 Ba7 10. Qd2 Bf5 11. h3 h6 12. g4 Be6 13. a3 d5 14. cxd5 Nxd5 {1-0 (60) Nakamura,H (2779)-Mareco,S (2635) Doha 2016}) 7... Nc6 8. a3 Bf5 9. d4 Ba7 {LiveBook: 16 Games} 10. d5 Ne7 11. e4 Bd7 12. Qd3 Rc8 $146 ({Predecessor:} 12... Ne8 13. Be3 Bxe3 14. Qxe3 {0-1 (28) Kaminski,V (2129)-Hamilton,R (2333) Toronto 2006}) 13. h3 c6 14. Be3 Bxe3 15. Qxe3 b5 16. dxc6 Rxc6 17. cxb5 axb5 18. Rfd1 Qb8 19. Na2 Rcc8 20. Nb4 Nc6 {The position is equal.} 21. Qd2 Nxb4 22. Qxb4 Rc4 {Accuracy: White = 69%, Black = 43%.} 1/2-1/2

[Event "Festival Szmetan-Giardelli 2018"]
[Site "Buenos Aires"]
[Date "2018.12.05"]
[Round "1"]
[White "Flores, Diego"]
[Black "Pichot, Alan"]
[Result "0-1"]
[WhiteElo "2631"]
[BlackElo "2562"]
[Annotator "TA"]
[PlyCount "58"]
[EventDate "2018.12.04"]
[EventType "tourn"]
[EventCountry "ARG"]
[SourceTitle "playchess.com"]
[Source "ChessBase"]
[SourceQuality "1"]

{[%evp 18,58,29,0,0,0,0,0,0,-109,0,0,0,0,0,0,-3,-11,0,-81,-47,-205,-184,-262,-259,-418,-418,-472,-459,-477,-473,-467,-468,-442,-445,-689,-632,-753,-751,-854,-837,-792,-788]} 1. Nf3 d5 2. e3 c5 3. b3 Nf6 4. Bb2 Nc6 5. Bb5 e6 6. Ne5 {A06: Réti Opening:1 Nf3 d5} (6. Bxc6+ bxc6 7. d3 Bd6 8. Nbd2 O-O 9. e4 Nd7 10. e5 Be7 11. O-O Rb8 12. Re1 Qc7 13. c4 Rd8 {1-0 (38) Nakamura,H (2777)-Hou,Y (2658) chess.com INT 2018}) 6... Qc7 7. O-O {[%cal Bh1f1,Bf1f3,Bf3h3][%mdl 32]} Bd6 8. Bxc6+ bxc6 9. f4 O-O 10. Rf3 {LiveBook: 5 Games} Nd7 {[%cal Rd7e5]} 11. Rh3 f6 12. Qh5 {[%csl Gh3][%cal Rh5h7]} fxe5 13. Qxh7+ Kf7 {...Nf6 is the strong threat.} 14. Rg3 $1 {[%cal Rg3g7]} Ke8 {White must now prevent ...Nf6.} 15. Rxg7 Ba6 {[#]} 16. g3 $146 ({Predecessor:} 16. Na3 exf4 17. exf4 {0-1 (52) Rogers,I (2605)-Bacrot,E (2555) Cap d'Agde 1998}) 16... exf4 17. exf4 Kd8 18. d3 {[#]} (18. Nc3 $11 {remains equal.}) 18... e5 $1 $17 19. f5 $2 (19. Qh3 $15) 19... c4 $19 20. dxc4 (20. d4 $142) 20... Qb6+ ({Not} 20... dxc4 21. Nc3 $11) 21. Kg2 $2 (21. Kh1 Nf6 22. Qh6) 21... Nf6 {[%cal Bd7f6,Bf6e4,Be4d2][%mdl 32]} 22. Qh6 {[#] aiming for Rg6.} Ne4 $1 {Black is clearly winning.} 23. Nd2 Qf2+ {[%mdl 64] Double Attack} 24. Kh1 {Hoping for Nxe4.} Qxd2 25. Qxd2 Nxd2 26. cxd5 (26. g4 $142) 26... Be2 {( -> ...Bf3+)} 27. h4 cxd5 28. Re1 Bf3+ 29. Kh2 Be4 {Accuracy: White = 35%, Black = 100%.} 0-1

[Event "Festival Szmetan-Giardelli 2018"]
[Site "Buenos Aires"]
[Date "2018.12.05"]
[Round "1"]
[White "Iturrizaga Bonelli, Eduardo"]
[Black "Darcyl, Tomas"]
[Result "1-0"]
[WhiteElo "2628"]
[BlackElo "2366"]
[Annotator "TA"]
[PlyCount "66"]
[EventDate "2018.12.04"]
[EventType "tourn"]
[EventCountry "ARG"]
[SourceTitle "playchess.com"]
[Source "ChessBase"]
[SourceQuality "1"]

{[%evp 11,66,0,0,0,18,2,10,0,6,5,58,58,63,49,116,106,112,102,90,91,190,187,197,197,196,182,207,200,185,184,184,180,177,182,178,183,174,178,179,179,193,179,201,205,200,195,232,220,282,252,286,247,358,346,344,337,29979]} 1. c4 Nf6 2. Nc3 d5 3. cxd5 Nxd5 4. Nf3 g6 5. h4 Bg7 6. h5 {A16: English Opening: 1...Nf6 with ...d5} Nc6 {LiveBook: 55 Games} 7. e4 Ndb4 $146 ({Predecessor:} 7... Nb6 8. Bb5 Bg4 9. h6 Bf6 10. d4 Bxf3 11. Qxf3 Qxd4 12. Be3 Qd6 13. Bf4 Qe6 14. O-O O-O 15. Bxc6 bxc6 16. Rfe1 {½-½ (16) Vallejo Pons,F (2705)-Svidler,P (2755) Porto Carras 2011}) 8. d3 {The position is equal.} Bg4 9. a3 {hxg6 is the strong threat.} Na6 10. Be3 Qd7 ({Black should play} 10... Nd4 $11) 11. Qb3 $14 Na5 12. Qc2 $1 $36 {[%mdl 2048] White is pushing.} Nc6 {[#]} (12... Bxf3 $14 13. gxf3 c5) 13. d4 $1 $16 {aiming for Bb5.} Bxf3 14. gxf3 {Strongly threatening d5.} Nxd4 15. Bxd4 Qxd4 (15... Bxd4 $16 {was necessary.} 16. O-O-O O-O) 16. Bxa6 $18 bxa6 {[#]} 17. Nb5 $1 {[%mdl 576] Discovered Attack} axb5 18. Qc6+ {[%mdl 64] Double Attack} Qd7 19. Qxa8+ {[%mdl 64] Double Attack} Qd8 20. Qxd8+ Kxd8 {[%mdl 4096] Endgame KRR-KRB} 21. O-O-O+ Kc8 22. Kc2 c5 23. b4 Bd4 24. bxc5 Bxc5 25. Rd5 Bxa3 26. Rxb5 Kd7 27. hxg6 fxg6 28. Kd3 Ke6 29. f4 h5 30. Rg5 Kf7 31. f5 gxf5 (31... Rd8+ {is a better defense.} 32. Kc4 gxf5 33. Rxf5+ Kg6 34. Rhxh5 Rd7 35. Rhg5+ Kh6) 32. Rxf5+ Ke6 33. Rhxh5 ({Don't take} 33. Rfxh5 Rd8+ 34. Kc4 Rc8+ 35. Kb3 Bd6) 33... Bb4 $2 {Accuracy: White = 97%, Black = 42%.} (33... Rd8+ $18 34. Ke2 Bb2) 1-0

[Event "Festival Szmetan-Giardelli 2018"]
[Site "Buenos Aires"]
[Date "2018.12.04"]
[Round "1"]
[White "Bacallao Alonso, Yusnel"]
[Black "Bachmann, Axel"]
[Result "1/2-1/2"]
[WhiteElo "2582"]
[BlackElo "2621"]
[Annotator "TA"]
[PlyCount "43"]
[EventDate "2018.12.04"]
[EventType "tourn"]
[EventCountry "ARG"]
[SourceTitle "playchess.com"]
[Source "ChessBase"]
[SourceQuality "1"]

{[%evp 14,43,0,0,12,4,4,0,20,27,64,18,39,16,36,26,18,23,23,14,9,14,17,0,0,1,6,0,0,0,65,73]} 1. c4 e5 2. Nc3 Nc6 3. Nf3 Nf6 4. e3 Bb4 5. Qc2 Bxc3 6. bxc3 O-O 7. e4 {A28: English Opening: Four Knights Variation} d6 8. g3 {LiveBook: 31 Games} Ne8 9. Nh4 {The position is equal.} Be6 $146 ({Predecessor:} 9... Ne7 10. d3 f5 11. exf5 Nxf5 12. Nxf5 Bxf5 13. Bg2 c6 14. h3 {1-0 (56) Carlsen,M (2843)-Topalov,V (2749) Shamkir 2018}) 10. d3 Ne7 11. Bg2 Qc8 12. Rb1 Rb8 13. O-O f5 14. Bg5 (14. f4 {feels hotter.} fxe4 15. Bxe4 Bh3 16. Bg2 b6 17. Re1) 14... Nf6 15. exf5 Nxf5 16. Nxf5 Bxf5 17. Bxf6 Rxf6 18. f4 c6 19. fxe5 dxe5 20. Qe2 Qd7 21. Be4 Bh3 (21... Rbf8 $11) 22. Rxf6 {Accuracy: White = 45%, Black = 56%.} 1/2-1/2

[Event "Festival Szmetan-Giardelli 2018"]
[Site "Buenos Aires"]
[Date "2018.12.05"]
[Round "1"]
[White "El Debs, Felipe de Cresce"]
[Black "Hoffman, Alejandro"]
[Result "1-0"]
[WhiteElo "2544"]
[BlackElo "2470"]
[Annotator "TA"]
[PlyCount "89"]
[EventDate "2018.12.04"]
[EventType "tourn"]
[EventCountry "ARG"]
[SourceTitle "playchess.com"]
[Source "ChessBase"]
[SourceQuality "1"]

{[%evp 17,89,38,39,40,27,29,67,38,43,35,39,36,33,34,33,29,60,47,53,0,0,-4,10,0,0,0,0,0,62,17,0,0,0,-14,-23,-51,-56,-53,-46,-26,-23,-59,-70,-48,-50,-69,-104,-85,-79,-95,-26,-50,27,12,30,16,11,44,202,186,191,193,736,144,407,393,464,450,814,826,821,799,912,904]} 1. e4 e5 2. Nf3 d6 3. d4 exd4 4. Nxd4 Nf6 5. Nc3 Be7 6. g3 O-O 7. Bg2 {C41: Philidor Defence} c6 (7... Re8 8. O-O Bf8 9. h3 Nbd7 10. Re1 c5 11. Nf5 Ne5 12. Bg5 h6 13. Bxf6 Qxf6 14. Nd5 Qd8 {½-½ (32) Oparin,G (2602)-Mamedyarov,S (2799) Moscow 2017}) 8. O-O Re8 9. h3 Bf8 {LiveBook: 40 Games} 10. b3 a5 11. Re1 g6 12. Bb2 Nbd7 13. Qd2 Nc5 {[#]} 14. a4 $146 ({Predecessor:} 14. Rad1 Bg7 {1-0 (35) Erenburg,S (2563)-Hoffman,A (2475) Montevideo 2018}) 14... Bg7 15. Rad1 Bd7 16. Ba3 Qb6 17. Qf4 Rad8 18. Qd2 (18. Nf3 $14) 18... Bc8 19. Re2 h5 20. Kh1 Na6 21. Bb2 Nb4 22. f4 Nd7 (22... Nh7 $11) 23. Nf3 Nc5 24. Qe1 Qc7 25. Rdd2 b6 26. Nd1 Bxb2 27. Nxb2 Ba6 28. Re3 d5 $1 {[%cal Rd5e4,Bd6d5,Bd5d4][%mdl 32]} 29. e5 Ne4 30. c3 Nxd2 31. Qxd2 {[#]} d4 $1 {[%cal Rd4e3]} 32. cxd4 {[#]} c5 $1 {[%cal Rc5d4] ...cxd4 is the strong threat.} 33. f5 cxd4 (33... gxf5 $17 34. Re1 Qe7) 34. Re4 Rc8 ({Black should play} 34... f6 $15 35. fxg6 Bb7 36. exf6 Bxe4 37. f7+ {[%mdl 64] Double Attack} Kg7 38. Qxd4+ {[#]} Re5 $1 {[%mdl 512]} 39. Qxe5+ Qxe5 40. Nxe5 Bxg6) 35. Nc4 $1 $11 Bxc4 36. bxc4 Qxc4 {White must now prevent ...Qc1+.} 37. Re1 $1 Qc5 $2 (37... Qc2 $14 38. Qh6 Qxf5) 38. fxg6 $18 {And now Qh6 would win.} fxg6 {Threatens to win with ...Re6.} 39. Qh6 Rc6 $2 (39... Re6) 40. Nxd4 $2 $40 {[%mdl 128] White has strong attack.} (40. Ng5 $18 {and the rest is easy. White wants to mate with Qh7+.} Re7 41. Rf1) 40... Rxe5 $2 {[%mdl 8192]} (40... Rce6 $16 {keeps fighting.} 41. Nxe6 Rxe6) 41. Rxe5 Qxe5 42. Nxc6 {White is clearly winning.} Qxg3 (42... Qd6 $142 43. Nxb4 axb4) 43. Ne7+ {[%mdl 64] Double Attack} Kf7 44. Qh7+ Ke6 45. Nxg6 {Accuracy: White = 54%, Black = 38%.} 1-0

[Event "Festival Szmetan-Giardelli 2018"]
[Site "Buenos Aires"]
[Date "2018.12.05"]
[Round "1"]
[White "Slipak, Sergio"]
[Black "Perez Ponsa, Federico"]
[Result "1/2-1/2"]
[WhiteElo "2421"]
[BlackElo "2554"]
[Annotator "TA"]
[PlyCount "44"]
[EventDate "2018.12.04"]
[EventType "tourn"]
[EventCountry "ARG"]
[SourceTitle "playchess.com"]
[Source "ChessBase"]
[SourceQuality "1"]

{[%evp 24,44,-24,-18,13,0,0,0,0,0,55,21,28,0,0,8,28,-15,16,20,24,12,28]} 1. e4 c5 2. c4 Nc6 3. Nc3 g6 4. g3 Bg7 5. Bg2 d6 6. Nge2 Nf6 7. d3 O-O 8. O-O a6 9. Rb1 Rb8 10. a4 {A36: Symmetrical English vs ...g6: 4 Bg2 Bg7} Bd7 11. f3 $146 ({Predecessor:} 11. Be3 Ng4 12. Bg5 h6 13. Bc1 Nb4 14. f4 f5 {0-1 (48) Berkes,F (2696)-Tadic,B (2506) Jahorina 2012}) 11... Ne8 12. Be3 Nc7 13. d4 {LiveBook: 27 Games} b6 14. b3 e5 {[%cal Re5d4]} 15. dxe5 dxe5 16. Nd5 Ne6 ({Black should try} 16... Nd4 $11) 17. Nec3 f5 18. exf5 gxf5 19. f4 exf4 20. gxf4 Ncd4 21. b4 Kh8 22. b5 a5 1/2-1/2

[Event "Festival Szmetan-Giardelli 2018"]
[Site "Buenos Aires"]
[Date "2018.12.06"]
[Round "2"]
[White "Mareco, Sandro"]
[Black "Flores, Diego"]
[Result "1/2-1/2"]
[WhiteElo "2656"]
[BlackElo "2631"]
[Annotator "TA"]
[PlyCount "79"]
[EventDate "2018.12.04"]
[EventType "tourn"]
[EventCountry "ARG"]
[SourceTitle "playchess.com"]
[Source "ChessBase"]
[SourceQuality "1"]

{[%evp 9,79,33,35,18,22,22,27,13,43,13,26,20,20,16,20,20,25,19,29,0,0,0,0,0,0,0,21,-10,-9,-8,-12,-39,-13,-16,-20,-41,-17,-48,-19,-22,-12,-20,-8,-14,-8,-47,-37,-64,-72,-74,-78,-80,-47,-47,-47,-48,-16,-21,-20,-31,-28,-52,-5,-6,-3,-8,0,0,0,-10,0,0]} 1. d4 Nf6 2. c4 e6 3. Nf3 d5 4. e3 g6 (4... c5 5. Nc3 a6 6. cxd5 exd5 7. Be2 Nc6 8. O-O cxd4 9. Nxd4 Bd6 10. b3 Be5 11. Nxc6 bxc6 12. Bb2 h5 13. f4 Bb8 14. Na4 Ba7 15. Bd4 Bg4 16. Bxg4 hxg4 17. Rc1 {1-0 (68) Mamedyarov,S (2801)-Navara,D (2741) Biel 2018}) 5. b3 Nbd7 6. Nc3 {D30: Queen's Gambit Declined: Systems without Nc3} Bg7 7. Bd3 O-O 8. O-O {White has an edge.} dxc4 9. Bxc4 b6 10. Ba3 Re8 11. Qe2 $146 ({Predecessor:} 11. Rc1 Bb7 12. Qe2 Qb8 13. h3 Bf8 14. Bxf8 Rxf8 {1-0 (26) Ret,A (1458)-Svetinsky,V (1405) Hradec Kralove 2016}) 11... a6 12. Rfd1 Bb7 13. Rac1 Qb8 {Threatens to win with ...b5.} 14. e4 c5 15. dxc5 Nxc5 16. Bxc5 bxc5 17. Bd3 Qf4 18. h3 c4 19. bxc4 Nd7 20. Na4 Bc6 {[%mdl 1024] Black has compensation.} 21. Bc2 Red8 22. g3 Qc7 23. Rb1 Rac8 24. Qe3 Bf8 25. Qc3 Rb8 26. Rxb8 Rxb8 27. a3 Bg7 28. Qe3 Qa5 29. Qd2 Qxd2 30. Rxd2 Bf8 31. Nd4 Bxa4 $1 32. Bxa4 Nb6 33. Bb3 Bxa3 34. Nc6 Rc8 35. Ra2 Bf8 36. Ne5 {The position is equal.} Ra8 37. Rc2 Rc8 38. Ra2 Ra8 39. Rc2 Rc8 40. Ra2 {Accuracy: White = 55%, Black = 62%.} 1/2-1/2

[Event "Festival Szmetan-Giardelli 2018"]
[Site "Buenos Aires"]
[Date "2018.12.06"]
[Round "2"]
[White "Bachmann, Axel"]
[Black "Iturrizaga Bonelli, Eduardo"]
[Result "1/2-1/2"]
[WhiteElo "2621"]
[BlackElo "2628"]
[Annotator "TA"]
[PlyCount "58"]
[EventDate "2018.12.04"]
[EventType "tourn"]
[EventCountry "ARG"]
[SourceTitle "playchess.com"]
[Source "ChessBase"]
[SourceQuality "1"]

{[%evp 9,58,30,102,83,91,83,81,90,110,74,75,72,153,162,176,176,266,265,248,250,228,226,240,205,237,177,193,186,140,105,92,93,94,72,72,21,24,27,42,0,0,0,0,-4,0,-58,-57,-95,-5,-8,0]} 1. e4 c5 2. Nf3 e6 3. g3 Nc6 4. Bg2 g5 5. c3 $146 ({Predecessor:} 5. h3 Bg7 6. c3 h6 7. d4 cxd4 8. cxd4 d5 9. e5 Nge7 10. Nc3 a6 11. O-O b5 12. Be3 {½-½ (70) Andriasian,Z (2621)-Miezis,N (2509) Tallinn 2016}) 5... Bg7 (5... g4 $11 {remains equal.} 6. Nh4 b6) 6. d4 $16 {B40: Sicilian: 2...e6, Unusual lines} g4 7. Nfd2 cxd4 8. Qxg4 {White is better.} Qf6 9. cxd4 Nxd4 10. Qd1 b6 (10... Ne7 $142) 11. O-O Ba6 {[#] Hoping for ...Ne2+.} 12. Re1 $1 {Strongly threatening e5.} Qe5 (12... e5 {was worth a try.}) 13. Nc3 $18 Ne7 {[#]} 14. Nb3 $1 Ndc6 15. Bf4 Qf6 16. e5 Qg6 17. Nd4 {Be4 is the strong threat.} O-O 18. Be4 f5 19. exf6 Qxf6 20. Nxc6 dxc6 21. Qh5 h6 22. Kh1 (22. Rad1 $16) 22... Rad8 $11 23. Rad1 Rxd1 24. Rxd1 Nd5 $1 25. Bd2 Qf7 26. Qxf7+ Kxf7 27. f4 ({Better is} 27. Bf3 $11) 27... Rd8 $1 $15 28. Be1 Ke7 (28... Nxc3 $17 29. Rxd8 Nxe4 30. Rd7+ Kg6) 29. Bf3 $11 Bc4 {Accuracy: White = 61%, Black = 58%.} 1/2-1/2

[Event "Festival Szmetan-Giardelli 2018"]
[Site "Buenos Aires"]
[Date "2018.12.06"]
[Round "2"]
[White "Perez Ponsa, Federico"]
[Black "Bacallao Alonso, Yusnel"]
[Result "1/2-1/2"]
[WhiteElo "2554"]
[BlackElo "2582"]
[Annotator "TA"]
[PlyCount "59"]
[EventDate "2018.12.04"]
[EventType "tourn"]
[EventCountry "ARG"]
[SourceTitle "playchess.com"]
[Source "ChessBase"]
[SourceQuality "1"]

{[%evp 16,59,0,7,14,9,12,16,16,10,16,18,18,21,30,26,26,19,19,29,25,17,7,5,3,0,9,0,0,0,0,0,0,8,16,22,26,20,24,0,0,0,0,0,0,0]} 1. e4 c6 2. d4 d5 3. e5 c5 4. dxc5 e6 5. Qg4 Nc6 6. Nf3 {B12: Caro-Kann: Advance Variation} h5 (6... Nge7 7. Bb5 Ng6 8. Be3 Bd7 9. Bxc6 bxc6 10. c3 Qb8 11. Qb4 Qc7 12. Qd4 Ne7 13. Qd3 {½-½ (42) Vachier Lagrave,M (2796)-Fontaine,R (2549) chess.com INT 2017}) 7. Qf4 Bxc5 8. Bd3 Nb4 9. O-O {LiveBook: 4 Games} Nxd3 $146 (9... Ne7 {is interesting.} 10. Ng5 Rf8 11. Bh7 g6 12. Nd2 Nf5) ({Predecessor:} 9... Ne7 10. Nc3 Nxd3 11. cxd3 Bd7 12. d4 Ng6 13. Qg3 {½-½ (27) Telepnev,I (2525)-Voveris,S (2319) ICCF email 2015}) 10. cxd3 Ne7 11. d4 Ng6 12. Qg3 Be7 13. Nc3 Bd7 14. Bg5 Bxg5 15. Nxg5 Ne7 16. Qf4 {[%csl Gg5][%cal Rf4f7] [#]} Nf5 17. Rfd1 Qe7 18. Rac1 Rc8 19. Nf3 O-O 20. h3 Rc4 21. Rd2 Rfc8 22. Rcd1 b5 23. g4 Nh4 24. gxh5 Nxf3+ 25. Qxf3 f6 26. exf6 Qxf6 27. Qg4 Rf8 {The position is equal.} 28. Nxd5 exd5 29. Qxd7 {[%mdl 64] [#] Double Attack} Rxd4 $1 30. Rxd4 {Accuracy: White = 76%, Black = 80%.} 1/2-1/2

[Event "Festival Szmetan-Giardelli 2018"]
[Site "Buenos Aires"]
[Date "2018.12.06"]
[Round "2"]
[White "El Debs, Felipe de Cresce"]
[Black "Slipak, Sergio"]
[Result "1/2-1/2"]
[WhiteElo "2544"]
[BlackElo "2421"]
[Annotator "TA"]
[PlyCount "51"]
[EventDate "2018.12.04"]
[EventType "tourn"]
[EventCountry "ARG"]
[SourceTitle "playchess.com"]
[Source "ChessBase"]
[SourceQuality "1"]

{[%evp 23,51,25,28,0,41,0,36,27,48,54,37,0,24,14,19,0,12,26,30,0,0,0,0,0,0,-22,0,0,0,0]} 1. e4 c5 2. Nf3 Nc6 3. Bb5 g6 4. Bxc6 bxc6 5. O-O Bg7 6. Re1 Nh6 7. c3 O-O 8. h3 {B31: Sicilian: 2...Nc6 3 Bb5 g6} d5 9. d3 c4 10. exd5 cxd5 11. dxc4 dxc4 12. Qxd8 Rxd8 {LiveBook: 3 Games} 13. Na3 Bb7 14. Nxc4 Bxf3 15. Bxh6 Bxh6 16. gxf3 {[#]} Rac8 $146 17. Na3 Rd3 18. Rad1 Rxf3 19. Rxe7 Rxh3 20. Rxa7 Rc5 $1 {[%cal Rc5g5]} 21. Ra8+ Kg7 {[#] Hoping for ...Rg5+.The position is equal.} 22. Re8 Rch5 23. Kf1 Rh2 {...Rf5 is the strong threat.} 24. Ke2 Rf5 25. Rf1 Bg5 26. Nc4 {Accuracy: White = 55%, Black = 58%.} 1/2-1/2

[Event "Festival Szmetan-Giardelli 2018"]
[Site "Buenos Aires"]
[Date "2018.12.05"]
[Round "2"]
[White "Hoffman, Alejandro"]
[Black "Pichot, Alan"]
[Result "1/2-1/2"]
[WhiteElo "2470"]
[BlackElo "2562"]
[Annotator "TA"]
[PlyCount "79"]
[EventDate "2018.12.04"]
[EventType "tourn"]
[EventCountry "ARG"]
[SourceTitle "playchess.com"]
[Source "ChessBase"]
[SourceQuality "1"]

{[%evp 17,79,0,50,-17,18,8,28,0,13,0,0,0,0,0,-12,-34,-33,-23,-28,-32,-22,-33,-37,-30,-32,-40,-34,-35,-40,-66,17,12,12,15,20,20,12,-9,-11,-10,0,-21,-34,-13,0,-8,0,0,0,-9,0,0,24,11,16,16,22,25,25,27,36,27,112,112]} 1. d4 e6 2. e4 d5 3. exd5 exd5 4. Nf3 Bd6 5. c4 dxc4 6. Bxc4 Nf6 7. O-O O-O 8. Nc3 Nc6 {D20: Queen's Gambit Accepted: 3 e3 and 3 e4} 9. h3 Bf5 {LiveBook: 26 Games} (9... h6 10. Re1 Bf5 11. a3 Re8 12. Rxe8+ Qxe8 13. Nb5 Qd7 14. Nxd6 Qxd6 15. Qb3 Be6 16. Bxe6 fxe6 17. Bf4 Qd5 18. Qxb7 Nxd4 19. Qxd5 Nxd5 20. Nxd4 Nxf4 {½-½ (59) Zvjaginsev,V (2673)-Popov,I (2596) Moscow 2016}) 10. d5 (10. Bg5 $14) 10... Ne7 $146 {The position is equal.} ({Predecessor:} 10... Ne5 11. Nxe5 Bxe5 12. Re1 Re8 13. Bg5 Qd6 14. Nb5 Qb4 15. Bxf6 gxf6 16. Qb3 Qxb3 17. axb3 Bxb2 18. Nxc7 Rxe1+ 19. Rxe1 {0-1 (37) Travkina,A (2176)-Severina,M (2104) Taganrog 2011}) 11. Nd4 Bc8 12. Bg5 Ng6 13. a3 h6 14. Be3 Re8 15. Re1 a6 16. Bb3 Bd7 17. Qd3 Qc8 18. Qf1 Nf4 19. Bxf4 Bxf4 20. Qd3 Bd6 21. Rac1 Rxe1+ 22. Rxe1 Qf8 23. Re3 Re8 (23... Bc5 $15) 24. Ne6 $1 $11 {[%cal Re6f8]} fxe6 25. dxe6 {[#]} Bxe6 $1 {[%mdl 512]} 26. Bxe6+ Kh8 27. Qg6 Bc5 28. Re2 Qd6 29. Bc4 Rxe2 30. Bxe2 Qf4 31. Nd1 Bd4 32. Qd3 Qe5 33. b3 {[%cal Bb2b3,Bb3b4][%mdl 32]} Ne4 34. Qf3 {Hoping for Qf8+.} Bc5 35. Bd3 Nf6 36. b4 Qe1+ 37. Kh2 Bd6+ 38. g3 Qd2 $1 39. Kg2 c6 {[#]} (39... c5 $11) 40. Qf5 $1 {Accuracy: White = 44%, Black = 46%.} 1/2-1/2

[Event "Festival Szmetan-Giardelli 2018"]
[Site "Buenos Aires"]
[Date "2018.12.06"]
[Round "2"]
[White "Darcyl, Tomas"]
[Black "Granda Zuniga, Julio E"]
[Result "1/2-1/2"]
[WhiteElo "2366"]
[BlackElo "2650"]
[Annotator "RC"]
[PlyCount "47"]
[EventDate "2018.12.04"]
[EventType "tourn"]
[EventCountry "ARG"]
[SourceTitle "playchess.com"]
[Source "ChessBase"]
[SourceQuality "1"]
[TimeControl "40/5400+30:1800+30"]

1. Nf3 {[%emt 0:06:03]} d5 {[%emt 0:00:00]} 2. g3 {[%emt 0:00:24]} c6 {[%emt 0:00:13]} 3. Bg2 {[%emt 0:00:18]} Bg4 {[%emt 0:00:22]} 4. O-O {[%emt 0:02:51]} Nd7 {[%emt 0:00:18]} 5. d3 {[%emt 0:01:17]} e5 {[%emt 0:04:16]} 6. e4 {[%emt 0:01:20]} dxe4 {[%emt 0:01:02]} 7. dxe4 {[%emt 0:00:09]} f6 {[%emt 0:00:25]} 8. Qe2 {[%emt 0:04:25]} Bc5 {[%emt 0:02:19]} 9. a4 {[%emt 0:02:37]} a5 {[%emt 0:01:09]} 10. Na3 {[%emt 0:01:10]} Ne7 {[%emt 0:01:32]} 11. Rd1 {[%emt 0:06:46]} Nc8 {[%emt 0:07:02]} 12. Nc4 {[%emt 0:12:25]} O-O {[%emt 0:02:34]} 13. Ne3 {[%emt 0:02:55]} Be6 {[%emt 0:00:10]} 14. Qf1 {[%emt 0:00:21]} Ncb6 {[%emt 0:02:48]} 15. Bh3 {[%emt 0:03:06]} Bf7 {[%emt 0:04:46]} 16. Bf5 {[%emt 0:51:53]} g6 {[%emt 1:09:04]} 17. Bxd7 {[%emt 0:00:30]} Nxd7 {[%emt 0:00:30]} 18. Qh3 {[%emt 0:00:30]} Be8 {[%emt 0:00:30]} 19. Qe6+ {[%emt 0:00:30]} Kh8 {[%emt 0:00:30]} 20. Nxe5 {[%emt 0:00:30]} fxe5 {[%emt 0:00:30]} 21. Rxd7 {[%emt 0:00:30]} Qxd7 {[%emt 0:00:30]} 22. Qxe5+ {[%emt 0:00:30]} Kg8 {[%emt 0:00:30]} 23. Qxc5 {[%emt 0:00:30]} Kh8 {[%emt 0:00:30]} 24. Ng4 {[%emt 0:00:30]} 1/2-1/2

[Event "Festival Szmetan-Giardelli 2018"]
[Site "Buenos Aires"]
[Date "2018.12.06"]
[Round "3"]
[White "Granda Zuniga, Julio E"]
[Black "Bachmann, Axel"]
[Result "*"]
[WhiteElo "2650"]
[BlackElo "2621"]
[Annotator "TA"]
[PlyCount "42"]
[EventDate "2018.12.04"]
[EventType "tourn"]
[EventCountry "ARG"]
[SourceTitle "playchess.com"]
[Source "ChessBase"]
[SourceQuality "1"]

{[%evp 19,42,0,4,0,0,-11,0,0,0,0,0,-6,0,-14,0,-27,0,0,16,0,32,28,52,47,130]} 1. d4 d5 2. c4 dxc4 3. e4 e5 4. Nf3 exd4 5. Bxc4 Nc6 6. O-O Be6 7. Bb5 Bc5 8. Qc2 {D20: Queen's Gambit Accepted: 3 e3 and 3 e4} Bb6 9. Bxc6+ bxc6 10. Qxc6+ Bd7 {LiveBook: 6 Games} 11. Qc2 Ne7 12. Na3 c5 $146 ({Predecessor:} 12... O-O 13. Nc4 c5 14. Nfe5 Be6 15. b3 f5 {½-½ (53) Granda Zuniga,J (2610)-Nabaty,T (2501) Benidorm 2009}) 13. Ne5 O-O {[%cal Bh8f8,Bf8e8,Be8e6][%mdl 32]} 14. Nxd7 Qxd7 15. Nc4 Nc6 16. Bd2 Rfe8 17. Rfe1 Re6 18. Qd3 Rae8 19. b3 Qe7 20. f4 Qd8 ({Don't play} 20... Rxe4 21. Rxe4 Qxe4 22. Re1 $16) 21. e5 f6 {Accuracy: White = 66%, Black = 19%.} ({Black should try} 21... Bc7 $14) *